000 01283naa a2200337 c 4500
999 _c49340
_d49340
001 49340
003 ES-MaCES
005 20170503155817.0
008 170503s2016 ne ||||| t||||||| ||eng d
040 _aES-MaCES
_bspa
_cES-MaCES
_dES-MaCES
100 1 _938152
_aEllen, Ingrid G.
245 1 0 _aPoverty concentration and the low income housing tax credit
_b: Effects of siting and tenant composition
_cIngrid G. Ellen, Keren M. Horn, Katherine M. O'Regan
500 _aResumen
504 _aBibliografía: p. 58-59
650 4 _927112
_apobreza
650 4 _929048
_abajos ingresos
650 4 _929219
_asocialmente desfavorecidos
650 4 _929419
_apolítica de vivienda
650 4 _927911
_ahogar
650 4 _928082
_apolítica fiscal
650 4 _928093
_atributación
650 4 _928087
_arecaudación de impuestos
650 4 _928889
_aanálisis estadístico
650 4 _928373
_aEstados Unidos
653 1 0 _aFiscalidad
700 1 _938153
_aHorn, Keren M.
700 1 _938154
_aO'Regan, Katherine M.
773 0 _985562
_dAmsterdam (P.O. Box 211, 1000 AE) Elsevier Science
_o088460
_tJournal of housing economics
_w(ES-MaCES)25393
_gvol. 34 (Dec. 2016) {10383 R. 088460} ;p. 49-59
902 _aART Artículo de revista
942 _2CES
_cAR
_h0.1.